Differential geometry of curves and surfaces /

Guardado en:
Autor Principal: Carmo, Manfredo Perdigão do.
Formato: Libro
Idioma:English
Portuguese
Publicado: Upper Saddle River, N.J. : Prentice-Hall, c1976.
Etiquetas: Agregar Etiqueta
Sin Etiquetas, Sea el primero en etiquetar este registro!
LEADER 00744nam a22001935a 4500
001 MAT.inmabb000251
008 750701s1976####njua#####b####001#0#eng##
005 20130326145150.0
245 1 0 |a Differential geometry of curves and surfaces /  |c Manfredo P. do Carmo. 
260 |a Upper Saddle River, N.J. :  |b Prentice-Hall,  |c c1976. 
300 |a viii, 503 p. :  |b il. ;  |c 24 cm. 
500 |a "A free translation, with additional material, of a book and a set of notes, both published originally in Portuguese." 
504 |a Includes bibliographical references and index. 
510 4 |a MR,  |c 52 #15253 
020 |a 0132125897 
100 1 |a Carmo, Manfredo Perdigão do. 
084 |a 53-02  |2 msc2000 
041 1 |a eng  |h por 
859 |h 53  |i C287  |p A-7976  |b BIB. MATEMATICA